2025中国最具价值品牌100强 - Statistics

General Stats
  • This quiz has been taken 88 times
  • The average score is 45 of 100
Answer Stats
排名 品牌 核心领域 所在地 % Correct
1 华为 计算机与通信 广东
97%
9 贵州茅台 酒精 贵州
97%
10 中国银行 银行 北京
95%
5 腾讯 互联网/传媒 广东
94%
13 中国石油 石油和天然气 北京
92%
15 阿里巴巴 零售 浙江
92%
19 比亚迪 汽车 广东
92%
8 中国农业银行 银行 北京
89%
6 中国建设银行 银行 北京
88%
3 中国工商银行 银行 北京
86%
20 中国石化 石油和天然气 北京
86%
40 小米集团 电子电器 北京
86%
12 中国移动 通信 北京
85%
27 中国电信 通信 北京
85%
18 中国人寿 保险 北京
83%
16 台积电 电子 台湾
82%
56 中国联通 通信 北京
82%
2 字节跳动 互联网/传媒 北京
80%
14 京东 零售 北京
80%
25 五粮液 酒精 四川
80%
49 格力 家电 广东
80%
28 美的 家电 广东
78%
22 宁德时代 新能源/电力设备 福建
75%
11 中国平安 保险 广东
72%
34 海尔 家电 山东
72%
23 拼多多 零售 上海
68%
54 上汽集团 汽车 上海
68%
42 百度 互联网/传媒 北京
66%
43 浦发银行 银行 上海
66%
4 国家电网 公用事业 北京
65%
17 招商银行 银行 广东
65%
52 伊利 食品饮料 内蒙古
65%
33 太平洋保险 保险 上海
63%
7 华润集团 多元化 香港
62%
53 吉利集团 汽车 浙江
62%
61 中国一汽 汽车 吉林
62%
21 中国建筑 建筑装饰 北京
60%
57 联想集团 计算机 北京
60%
100 泸州老窖 酒精 四川
57%
87 山西汾酒 酒精 山西
55%
39 美团 互联网/社会服务 北京
52%
45 中国海油 石油和天然气 北京
52%
26 中粮集团 农业 北京
49%
35 交通银行 银行 上海
49%
85 北汽集团 汽车 北京
46%
24 中信集团 多元化 北京
45%
86 娃哈哈 食品饮料 浙江
45%
67 长城汽车 汽车 河北
42%
31 中国中铁 建筑装饰 北京
40%
60 中国邮政 交通运输 北京
40%
38 兴业银行 银行 福建
38%
47 南方电网 公用事业 广东
38%
97 理想集团 汽车 北京
38%
82 长安汽车 汽车 重庆
37%
51 光大银行 银行 北京
35%
63 中国宝武 钢铁 上海
35%
41 网易 传媒 广东
34%
58 中央电视台 传媒 北京
34%
66 中国国际航空 交通运输 北京
34%
73 中国南方航空 交通运输 广东
34%
46 保利集团 房地产多元化 北京
32%
48 中国中车 机械设备 北京
32%
50 顺丰 交通运输 广东
32%
69 奇瑞 汽车 安徽
32%
29 中国人保 保险 北京
29%
68 新华社 传媒 北京
28%
75 大疆 计算机 广东
28%
62 人民日报 传媒 北京
26%
36 中国铁建 建筑装饰 北京
25%
59 民生银行 银行 北京
25%
74 三一集团 工程机械 湖南
25%
88 华夏银行 银行 北京
25%
89 江苏银行 银行 江苏
25%
98 TCL集团 电子 广东
23%
77 安踏 零售/服饰 福建
22%
44 中国交建 建筑装饰 北京
18%
78 京东方 电子 北京
17%
80 中化集团 化工 河北
15%
30 国家能源集团 公用事业 北京
14%
32 邮储银行 银行 北京
14%
99 潍柴集团 机械设备 山东
14%
72 中远海控 交通运输 上海
12%
91 赛力斯 汽车 重庆
12%
96 联发科 电子 台湾
11%
84 国药集团 医药生物 上海
9%
37 友邦 保险 香港
8%
76 海康威视 计算机 浙江
8%
81 恒力集团 石油石化 江苏
8%
95 中国中冶 建筑装饰 北京
8%
92 紫金矿业 采矿 福建
6%
93 国家电投 公用事业 北京
6%
65 中国建材 建筑材料 北京
5%
71 中国华能 公用事业 北京
5%
55 中国电建 建筑装饰 北京
3%
79 建发集团 交通运输 福建
3%
83 中国华电 公用事业 北京
3%
94 山东能源集团 采矿 山东
3%
64 中铝集团 采矿 北京
2%
70 中国能建 建筑装饰 北京
2%
90 新华保险 保险 北京
2%
No matching quizzes found
Score Distribution
Percent of People with Each Score
Percentile by Number Answered
Your Score History
You have not taken this quiz